Catalog

Record Details

Catalog Search



Explorer extraordinaire! / written by Jane ... Read More

O'Connor, Jane.(Author).
Preiss-Glasser, Robin.(Added Author).
Series: Fancy Nancy

Available copies

  • 4 of 4 copies available at LARL/NWRL Consortium.
  • 4 of 4 copies available at Northwest Regional Library. (Show preferred library)

Current holds

0 current holds with 4 total copies.

Show Only Available Copies
Location Call Number / Copy Notes Barcode Shelving Location Status Due Date
Godel Memorial-Warren Library e OCO (Text) 35500004526685 Main Available -
Hallock Public Library e OCO (Text) 35500004464416 Main Available -
Roseau Public Library e OCO (Text) 35500004508634 Main Available -
Warroad Public Library e OCO (Text) 35500004468128 Main Available -

Record details

  • ISBN: 9780061684869 (trade bdg.)
  • Physical Description: 1 v. (unpaged) : col. ill. ; 24 cm.
  • Edition: 1st ed.
  • Publisher: New York : HarperCollinsPublishers, 2009.

Content descriptions

Summary, etc.:
Nancy and her friend Bree explore the fascinating ... Read More
Subject: Clubs > Fiction.
Insects > Fiction.
Birds > Fiction.
Vocabulary > Fiction.
LDR 01865cam a22003738a 4500
001102580
003LARL_NWRL_CONSORTIUM
00520080724141019.0
008080718s2009 nyu b 000 1 eng
020 . ‡a9780061684869 (trade bdg.)
042 . ‡alcac
08200. ‡a[E] ‡222
1001 . ‡aO'Connor, Jane. ‡0(LARL_NWRL_CONSORTIUM)59093
24510. ‡aExplorer extraordinaire! / ‡cwritten by Jane O'Connor ; illustrated by Robin Preiss Glasser.
250 . ‡a1st ed.
260 . ‡aNew York : ‡bHarperCollinsPublishers, ‡c2009.
300 . ‡a1 v. (unpaged) : ‡bcol. ill. ; ‡c24 cm.
4900 . ‡aFancy Nancy
520 . ‡aNancy and her friend Bree explore the fascinating world of birds and insects in their exclusive and glamorous Explorers Extraordinaire Club.
650 1. ‡aClubs ‡vFiction. ‡0(LARL_NWRL_CONSORTIUM)171514
650 1. ‡aInsects ‡vFiction.
650 1. ‡aBirds ‡vFiction. ‡0(LARL_NWRL_CONSORTIUM)171000
650 1. ‡aVocabulary ‡vFiction.
7001 . ‡aPreiss-Glasser, Robin. ‡0(LARL_NWRL_CONSORTIUM)116795
901 . ‡a102580 ‡bISxN ‡c102580 ‡tbiblio

Additional Resources